| 000 | 00436nam a2200169 a 4500 | ||
|---|---|---|---|
| 005 | 20141022142009.0 | ||
| 008 | 120228s19uu xx 00 eng d | ||
| 050 |
_aCD _bQ2 2008 |
||
| 100 | _aAnderson, David | ||
| 245 |
_aQuantitative methods for business / _cDavid Anderson, et al. |
||
| 250 | _a11th ed. | ||
| 260 | _c2008. | ||
| 700 | _aSweeney, Dennis | ||
| 700 | _aWilliams, Thomas | ||
| 700 | _aMartin, Kipp | ||
| 942 | _cAVM | ||
| 999 |
_c276643 _d276643 |
||